Clifford Sifton /

Bibliographic Details
Main Author: Hall, D. J. (David John), 1943-
Format: Book
Language:English
Published: Vancouver : University of British Columbia Press, 1981-
Subjects:

MARC

Tag First Indicator Second Indicator Subfields
LEADER 00000cam a2200000 a 4500
001 in00000098634
005 20150924085910.0
008 820109m1981 bcca b 00010beng
010 |a  81201998  
015 |a C*** 
020 |a 0774801352 (v. 1) 
035 |a (OCoLC)08132740 
035 |9 AAK9741AM 
039 0 |a 2  |b 3  |c 3  |d 3  |e 3 
040 |a DLC  |c DLC  |d TXA  |d UtOrBLW 
043 |a n-cn---  |a n-cn-mb 
049 |a TXAM  |v 1 [933693]  |v 2 [A09536110] 
050 0 0 |a F1033 S59  |b  H254 
082 0 |a 971.05/6/0924  |a B  |2 19 
100 1 |a Hall, D. J.  |q (David John),  |d 1943- 
245 1 0 |a Clifford Sifton /  |c D.J. Hall. 
264 1 |a Vancouver :  |b University of British Columbia Press,  |c 1981- 
300 |a volumes :  |b illustrations ;  |c 24 cm. 
336 |a text  |b txt  |2 rdacontent 
337 |a unmediated  |b n  |2 rdamedia 
338 |a volume  |b nc  |2 rdacarrier 
504 |a Includes bibliographical references and index. 
505 1 |a v. 1. The young Napoleon, 1861-1900. 
600 1 0 |a Sifton, Clifford,  |c Sir,  |d 1861-1929. 
650 0 |a Statesmen  |z Canada  |v Biography. 
651 0 |a Canada  |x Politics and government  |y 1867-1914. 
651 0 |a Manitoba  |x Politics and government. 
999 |a MARS 
999 f f |s 3943283d-ff7b-3c38-8b29-1f5f1f77daf8  |i 64547c2d-1c71-36ce-8d9d-0e1b8e24844c  |t 0 
952 f f |p ric  |a Texas A&M University  |b Rellis Campus  |c Joint Library Facility  |d Remote Storage  |t 0  |e F1033.S59 H254  |h Library of Congress classification  |i unmediated -- volume  |k v.1  |m A14806030393 
952 f f |p ric  |a Texas A&M University  |b Rellis Campus  |c Joint Library Facility  |d Remote Storage  |t 0  |e F1033.S59 H254  |h Library of Congress classification  |i unmediated -- volume  |k v.2  |m A14809536110 
998 f f |a F1033.S59 H254  |s v.1-v.2  |t 0  |l Remote Storage